[Event "II. Budapest Open"]
[Site ", "]
[Date "2012.08.25"]
[Round "8"]
[White "Schatzer, Andras"]
[Black "Romhanyi, Mihaly"]
[Result "1-0"]
[WhiteElo "1729"]
[BlackElo "1455"]
[PlyCount "83"]
[EventDate "2012.??.??"]

1. e4 d6 2. d4 Nf6 3. Nc3 g6 4. f4 Bg7 5. Nf3 O-O 6. h3 c5 7. Be3 Qa5 8. Bd3 a6
9. O-O Nc6 10. e5 Nd7 11. d5 Nd8 12. Qe1 b5 13. Qh4 Re8 14. Ng5 h6 15. Nf3 Nf8
16. g4 Qc7 17. Be4 Bd7 18. Ne2 dxe5 19. d6 exd6 20. Bxa8 Nde6 21. Bd5 exf4 22.
Nxf4 g5 23. Nxe6 Bxe6 24. Qf2 Bxd5 25. c3 Qc6 26. Rae1 Bc4 27. h4 Bxf1 28. Rxf1
Qe4 29. Bc1 Qxg4+ 30. Kh1 Qh3+ 31. Kg1 g4 32. Ng5 Qxf1+ 33. Qxf1 hxg5 34. Bxg5
f6 35. Bf4 d5 36. Qd1 d4 37. cxd4 cxd4 38. Qxd4 Ne6 39. Qd7 Nxf4 40. Qxe8+ Bf8
41. Qe4 Nh3+ 42. Kg2 1-0

[Event "II. Budapest Open"]
[Site ", "]
[Date "2012.08.25"]
[Round "8"]
[White "Mihajlova, Diana"]
[Black "Devald, Tamas"]
[Result "1-0"]
[WhiteElo "1482"]
[BlackElo "1422"]
[PlyCount "137"]
[EventDate "2012.??.??"]

1. e4 c5 2. Nf3 Nc6 3. d4 cxd4 4. Nxd4 g6 5. Be3 Bg7 6. Be2 Nf6 7. Nc3 O-O 8.
Qd2 a6 9. O-O-O a5 10. Nxc6 bxc6 11. e5 Ne8 12. Bh6 Rb8 13. Bxg7 Kxg7 14. a3
Qb6 15. Na4 Qxf2 16. g3 Qa7 17. Qc3 Kg8 18. Bc4 e6 19. Bb3 Nc7 20. Qd2 Nb5 21.
h4 Nc7 22. h5 Nd5 23. Rde1 d6 24. hxg6 fxg6 25. Rh2 dxe5 26. Reh1 Rf7 27. Bxd5
cxd5 28. Qg5 Qe7 29. Qxe5 Rb7 30. g4 Qf6 31. Qe1 Qf4+ 32. Qd2 Qxa4 33. Qc3 Qf4+
34. Kb1 Qc7 35. Qd3 Qe5 36. b3 Qe4 37. Qc3 Rb8 38. Qg3 Qf4 39. Qh4 Qf6 40. g5
Qe7 41. Ka2 Kf8 42. Qg3 Rb7 43. Qc3 Qc7 44. Qh8+ Ke7 45. Qb2 Kd6 46. Qh8 a4 47.
Re2 axb3+ 48. cxb3 Rf5 49. Rhh2 Rf7 50. Rh3 Qb8 51. Rc3 Bd7 52. Qe5+ Ke7 53.
Qxd5 Rb5 54. Qg2 Rd5 55. Qxd5 Rf5 56. Qh1 Rf7 57. Rf3 Rg7 58. Qc1 Qb5 59. Qb2
Rf7 60. Rxf7+ Kxf7 61. Qf6+ Ke8 62. Qh8+ Ke7 63. Qxh7+ Kd6 64. Rd2+ Kc7 65.
Qxg6 Qa5 66. Qc2+ Kd8 67. g6 Ke8 68. g7 Qg5 69. Rg2 1-0

[Event "II. Budapest Open"]
[Site ", "]
[Date "2012.08.25"]
[Round "8"]
[White "Bella, Zsolt"]
[Black "Gorog, Almos"]
[Result "0-1"]
[WhiteElo "1369"]
[BlackElo "1435"]
[PlyCount "74"]
[EventDate "2012.??.??"]

1. d4 Nf6 2. c4 g6 3. Nc3 d5 4. Nf3 Bg7 5. Qc2 c6 6. e4 dxe4 7. Nxe4 Na6 8. a3
O-O 9. Bd3 Bg4 10. Ne5 Be6 11. Ng5 Qxd4 12. Nef3 Qd6 13. Nxe6 Qxe6+ 14. Be3 Ng4
15. O-O Nxe3 16. fxe3 Qxe3+ 17. Kh1 Nc5 18. Rae1 Qxd3 19. Qxd3 Nxd3 20. Rxe7
Nxb2 21. Rxb7 Nxc4 22. a4 Rfd8 23. Ng5 Nd6 24. Rc7 h6 25. Nf3 Rdc8 26. Rd7 Nf5
27. g4 Ne3 28. Rf2 Rab8 29. Nd2 Rd8 30. Rfxf7 Rxd7 31. Rxd7 Bc3 32. Kg1 Rf8 33.
h3 a5 34. Ne4 Rf1+ 35. Kh2 Be5+ 36. Ng3 Rf2+ 37. Kg1 Bxg3 0-1

[Event "II. Budapest Open"]
[Site ", "]
[Date "2012.08.25"]
[Round "8"]
[White "Novak, Levente Peter"]
[Black "Karacsonyi, Kata"]
[Result "0-1"]
[WhiteElo "1563"]
[BlackElo "1238"]
[PlyCount "56"]
[EventDate "2012.??.??"]

1. e4 e5 2. Nf3 Nc6 3. Nc3 Nf6 4. d3 Bc5 5. Bg5 d6 6. Nd5 h6 7. Nxf6+ gxf6 8.
Be3 Bg4 9. Be2 Qe7 10. Qd2 Qf8 11. O-O-O O-O-O 12. Kb1 Qe7 13. h3 Bh5 14. g4
Bg6 15. Nh4 Qe6 16. Bxc5 dxc5 17. a3 c4 18. Nxg6 fxg6 19. Qc3 Nd4 20. Bf1 Qb6
21. dxc4 Rd7 22. h4 Nb5 23. Qf3 Nxa3+ 24. Kc1 Rxd1+ 25. Qxd1 Rd8 26. Qf3 Qd4
27. Qd3 Qxf2 28. Qe2 Qf4+ 0-1

[Event "II. Budapest Open"]
[Site ", "]
[Date "2012.08.26"]
[Round "9"]
[White "Farkas, Richard"]
[Black "Yip, Michael"]
[Result "1/2-1/2"]
[WhiteElo "2116"]
[BlackElo "2072"]
[PlyCount "39"]
[EventDate "2012.??.??"]

1. e4 d6 2. d4 Nf6 3. Nc3 e5 4. dxe5 dxe5 5. Qxd8+ Kxd8 6. Bc4 Ke8 7. Nf3 Bd6
8. h3 a6 9. O-O Nbd7 10. a4 b6 11. Re1 Bb7 12. Nd5 Nxd5 13. Bxd5 Bxd5 14. exd5
f6 15. Nd4 Kf7 16. Nc6 Nb8 17. Nxb8 Rhxb8 18. c4 b5 19. axb5 axb5 20. Rxa8
1/2-1/2

[Event "II. Budapest Open"]
[Site ", "]
[Date "2012.08.26"]
[Round "9"]
[White "Jacso, Adam"]
[Black "Bodrogi, Laszlo"]
[Result "1-0"]
[WhiteElo "2224"]
[BlackElo "2043"]
[PlyCount "99"]
[EventDate "2012.??.??"]

1. d4 d5 2. c4 dxc4 3. Nf3 Nf6 4. e3 e6 5. Bxc4 c5 6. O-O a6 7. Bb3 Nc6 8. Qe2
cxd4 9. Rd1 Be7 10. exd4 O-O 11. Nc3 Nb4 12. Bg5 h6 13. Be3 Nbd5 14. Rac1 Bd7
15. Ne5 Rc8 16. Qf3 Nxe3 17. fxe3 Bc6 18. Nxc6 Rxc6 19. e4 Qc8 20. Rf1 b5 21.
Rcd1 b4 22. Ne2 a5 23. Kh1 Qa6 24. d5 exd5 25. e5 a4 26. Nd4 Rb6 27. Nf5 Bd8
28. exf6 Rxf6 29. Bxd5 g6 30. Qg3 Kh7 31. Ne3 Re8 32. Rxf6 Qxf6 33. Nc4 Re2 34.
Qf3 Rf2 35. Qxf6 Bxf6 36. Nb6 b3 37. axb3 axb3 38. Rb1 Bxb2 39. Bxb3 h5 40. Bd5
h4 41. Nc4 Bd4 42. Rd1 Kg7 43. Nd2 g5 44. Ne4 Rf5 45. Nxg5 Rxg5 46. Rxd4 h3 47.
g3 Re5 48. Kg1 Re1+ 49. Kf2 Rb1 50. Bf3 1-0

[Event "II. Budapest Open"]
[Site ", "]
[Date "2012.08.26"]
[Round "9"]
[White "Nagy, Aron"]
[Black "Toth, Sarolta"]
[Result "0-1"]
[WhiteElo "2091"]
[BlackElo "2192"]
[PlyCount "86"]
[EventDate "2012.??.??"]

1. d4 d5 2. Bf4 Nf6 3. e3 c5 4. c3 Nc6 5. Nd2 Bf5 6. Qb3 Qd7 7. Ngf3 c4 8. Qd1
e6 9. Ne5 Nxe5 10. Bxe5 Ne4 11. Nxe4 Bxe4 12. f3 Bg6 13. Be2 f6 14. Bg3 Be7 15.
O-O b5 16. Qd2 O-O 17. Bd1 a5 18. Bc2 Bxc2 19. Qxc2 b4 20. e4 Ra7 21. exd5 exd5
22. Rfe1 a4 23. cxb4 Bxb4 24. Re2 Rb7 25. a3 Ba5 26. Be1 Bb6 27. Bc3 Rbb8 28.
Rae1 Rfe8 29. Re3 Rxe3 30. Rxe3 Re8 31. Qe2 Rxe3 32. Qxe3 Kf7 33. Qf4 Qe6 34.
Kf2 Qe5 35. Kg3 Qxf4+ 36. Kxf4 Bc7+ 37. Kg4 Bxh2 38. g3 g5 39. f4 gxf4 40. gxf4
h5+ 41. Kf3 Kg6 42. Bd2 Bg1 43. Bc3 Kf5 0-1

[Event "II. Budapest Open"]
[Site ", "]
[Date "2012.08.26"]
[Round "9"]
[White "Kanarkiewicz, Michal"]
[Black "Gubics, Peter"]
[Result "1-0"]
[WhiteElo "2076"]
[BlackElo "2149"]
[PlyCount "79"]
[EventDate "2012.??.??"]

1. e4 e6 2. d4 d5 3. Nc3 Nf6 4. e5 Nfd7 5. f4 c5 6. Nf3 Nc6 7. Be3 cxd4 8. Nxd4
Bc5 9. Qd2 O-O 10. O-O-O Qe7 11. Kb1 f6 12. exf6 Rxf6 13. g3 Nb6 14. Nxc6 bxc6
15. Bd4 Bxd4 16. Qxd4 Bb7 17. Na4 Nd7 18. Bg2 c5 19. Qd2 Bc6 20. Qa5 Rb8 21.
Rhe1 Bxa4 22. Qxa4 Nb6 23. Qa6 Rh6 24. b3 Kh8 25. Qb5 Qc7 26. Qe2 Na4 27. Rd3
d4 28. Qe5 Qb6 29. f5 Re8 30. g4 Nc3+ 31. Rxc3 dxc3 32. g5 Rh4 33. f6 Rd4 34.
fxg7+ Kg8 35. Rf1 Qd8 36. Bf3 Qd6 37. Qf6 Rd8 38. a3 c4 39. Bh5 Qf4 40. Bf7#
1-0

[Event "II. Budapest Open"]
[Site ", "]
[Date "2012.08.26"]
[Round "9"]
[White "Toth-Katona, Tamas"]
[Black "Ruck, Robert"]
[Result "0-1"]
[WhiteElo "1859"]
[BlackElo "2009"]
[PlyCount "72"]
[EventDate "2012.??.??"]

1. e4 c5 2. Nc3 e6 3. f4 d5 4. Nf3 dxe4 5. Nxe4 Nc6 6. Bb5 Bd7 7. O-O Nf6 8.
Re1 Nxe4 9. Rxe4 Qb6 10. Bc4 Be7 11. Qe2 Nd4 12. Nxd4 cxd4 13. d3 g6 14. a3
O-O-O 15. Qf2 Bc6 16. Re1 h5 17. b4 h4 18. Bd2 h3 19. g3 Ba4 20. Rec1 Kb8 21.
Rab1 Rh5 22. Qf3 a6 23. Qf2 Qc6 24. Bb3 Bf6 25. Qe2 Rc8 26. Qe4 Qd7 27. Be1 Bc6
28. Qe2 b5 29. c4 dxc3 30. Bf2 Bd4 31. Rc2 Bb7 32. Rbc1 Bxf2+ 33. Qxf2 Qxd3 34.
Rxc3 Rxc3 35. Rd1 Qe3 36. Rd8+ Kc7 0-1

[Event "II. Budapest Open"]
[Site ", "]
[Date "2012.08.26"]
[Round "9"]
[White "Berta, Sandor"]
[Black "Zoldy, Robert"]
[Result "0-1"]
[WhiteElo "1891"]
[BlackElo "1990"]
[PlyCount "144"]
[EventDate "2012.??.??"]

1. e4 e5 2. Nf3 Nc6 3. d4 exd4 4. Bc4 Nf6 5. e5 Ng4 6. O-O d6 7. exd6 Qxd6 8.
Re1+ Be7 9. Nbd2 O-O 10. Ne4 Qb4 11. Bb3 Be6 12. Bf4 Bxb3 13. axb3 Qb6 14. Nfg5
Nf6 15. Ng3 Bb4 16. Re2 Rfe8 17. Qd3 h6 18. Nf3 Nd5 19. Bc1 Bc5 20. Nf5 Ndb4
21. Qd2 Qb5 22. c4 dxc3 23. Qxc3 Bxf2+ 24. Rxf2 Qxf5 25. Nd4 Qd3 26. Nxc6 Qxc3
27. bxc3 Nxc6 28. Bf4 Re7 29. Kf1 Rae8 30. Rd1 Ne5 31. Rfd2 f6 32. h3 g5 33.
Bg3 f5 34. Bf2 b6 35. Rd5 f4 36. Bd4 Nf7 37. Bf2 Nd6 38. Ra1 Ne4 39. Rd3 Nxf2
40. Kxf2 Re2+ 41. Kf1 a5 42. Rad1 Kf7 43. Rd7+ R8e7 44. R7d3 R2e3 45. Kf2 Rxd3
46. Rxd3 Ke8 47. Rd4 Re3 48. Rc4 c5 49. b4 axb4 50. cxb4 cxb4 51. Rxb4 Re6 52.
Kf3 Kd7 53. h4 Kc6 54. hxg5 hxg5 55. Rc4+ Kd5 56. Rc8 Re3+ 57. Kf2 Re5 58. Rb8
Kc5 59. Rc8+ Kb4 60. Kf3 b5 61. Kg4 Kb3 62. Rb8 b4 63. Rc8 Kb2 64. Rb8 b3 65.
Rb7 Ka2 66. Ra7+ Kb1 67. Rb7 b2 68. Rb8 Kc2 69. Rc8+ Kb3 70. Rb8+ Kc3 71. Rb7
Rc5 72. Rb8 Kc2 0-1

[Event "II. Budapest Open"]
[Site ", "]
[Date "2012.08.26"]
[Round "9"]
[White "Kumala, Aleksander"]
[Black "Koczo, Kristof"]
[Result "0-1"]
[WhiteElo "1963"]
[BlackElo "2233"]
[PlyCount "100"]
[EventDate "2012.??.??"]

1. e4 c5 2. Nf3 d6 3. d4 cxd4 4. Nxd4 Nf6 5. Nc3 a6 6. Bg5 e6 7. f4 Be7 8. Qf3
Qc7 9. O-O-O Nbd7 10. g4 b5 11. Bxf6 Nxf6 12. g5 Nd7 13. f5 Bxg5+ 14. Kb1 O-O
15. Qg2 Bf6 16. fxe6 Nb6 17. exf7+ Qxf7 18. Nd5 Nxd5 19. exd5 Bxd4 20. Rxd4 Qf2
21. Qxf2 Rxf2 22. Bd3 Bd7 23. h4 Raf8 24. a4 R8f4 25. Rxf4 Rxf4 26. axb5 Bxb5
27. Bxb5 axb5 28. c3 Kf7 29. Kc2 Rf5 30. Rd1 Rh5 31. Rd4 g5 32. hxg5 Rxg5 33.
Kb3 h5 34. Rf4+ Kg6 35. c4 bxc4+ 36. Rxc4 Rxd5 37. Rc8 h4 38. Rg8+ Kh5 39. Kc4
Rg5 40. Rd8 d5+ 41. Kd4 Kg4 42. b4 h3 43. Rh8 Rh5 44. Rg8+ Kh4 45. Rg1 h2 46.
Rh1 Kg3 47. b5 Kg2 48. Re1 h1=Q 49. Rxh1 Kxh1 50. b6 Rh6 0-1

[Event "II. Budapest Open"]
[Site ", "]
[Date "2012.08.26"]
[Round "9"]
[White "Shan, He Jia Rita"]
[Black "Palla, Akos Botond"]
[Result "1/2-1/2"]
[WhiteElo "1642"]
[BlackElo "2014"]
[PlyCount "86"]
[EventDate "2012.??.??"]

1. Nf3 Nf6 2. b3 d5 3. Bb2 c5 4. g3 e6 5. Bg2 b6 6. O-O Bb7 7. d3 Be7 8. Nbd2
O-O 9. e3 Nc6 10. a3 Re8 11. c4 Bf8 12. Qc2 e5 13. Rfd1 d4 14. exd4 exd4 15.
Re1 Qc7 16. Ng5 Ne5 17. Nge4 Nfd7 18. Nf3 Nxf3+ 19. Bxf3 Ne5 20. Bg2 f5 21. Nd2
Bxg2 22. Kxg2 Qc6+ 23. Kg1 f4 24. Re2 Qg6 25. Re4 fxg3 26. hxg3 Ng4 27. Rae1
Qh5 28. Nf1 Bd6 29. Qe2 Rxe4 30. Qxe4 Rf8 31. Qe6+ Qf7 32. Qxf7+ Kxf7 33. f4 h5
34. Bc1 Kf6 35. Nd2 Kf7 36. Ne4 Be7 37. Bd2 Rb8 38. b4 a5 39. b5 Rh8 40. Nf2
Nh6 41. Kg2 Nf5 42. Re5 g6 43. a4 Re8 1/2-1/2

[Event "II. Budapest Open"]
[Site ", "]
[Date "2012.08.26"]
[Round "9"]
[White "Kozma, Gabor"]
[Black "Heyl, Thomas"]
[Result "1/2-1/2"]
[WhiteElo "1959"]
[BlackElo "2009"]
[PlyCount "67"]
[EventDate "2012.??.??"]

1. e4 c5 2. Nf3 e6 3. d4 cxd4 4. Nxd4 a6 5. Nc3 Qc7 6. Bd3 Nf6 7. O-O d6 8. Kh1
Nc6 9. Be3 Be7 10. f4 h5 11. Nxc6 bxc6 12. Qf3 e5 13. fxe5 dxe5 14. Bc4 Bg4 15.
Qf2 Qa5 16. a3 Qc7 17. Bg5 Qc8 18. Na4 Rb8 19. Qa7 Ra8 20. Qe3 Rb8 21. Rf2 Be6
22. Nb6 Qb7 23. Bxe6 Qxb6 24. Qxb6 Rxb6 25. Bxf6 gxf6 26. Bc4 Rxb2 27. Bxa6 O-O
28. g3 Ra8 29. Bc4 Rxa3 30. Rxa3 Bxa3 31. Rxf6 Rxc2 32. Rxc6 Kg7 33. Bd5 Rxc6
34. Bxc6 1/2-1/2

[Event "II. Budapest Open"]
[Site ", "]
[Date "2012.08.26"]
[Round "9"]
[White "Lakat, Gyula"]
[Black "Antal, Attila Dr"]
[Result "0-1"]
[WhiteElo "1896"]
[BlackElo "2062"]
[PlyCount "82"]
[EventDate "2012.??.??"]

1. e4 e5 2. Nf3 Nc6 3. Bb5 a6 4. Ba4 Nf6 5. O-O Be7 6. c3 b5 7. Bc2 d6 8. h3
O-O 9. d4 Bb7 10. Re1 Re8 11. Nbd2 Bf8 12. d5 Nb8 13. Nf1 Nbd7 14. Ng3 g6 15.
b3 c5 16. c4 bxc4 17. bxc4 a5 18. Ba4 Ba6 19. Bg5 Be7 20. Bxf6 Bxf6 21. Qc2 Rf8
22. Rab1 Qc7 23. Bb5 Bb7 24. a4 Nb8 25. Qd2 Na6 26. Rb3 Nb4 27. Qh6 Bg7 28. Qd2
Rad8 29. h4 f6 30. h5 Bc8 31. Nh4 Qf7 32. h6 Bh8 33. f4 exf4 34. Nhf5 fxg3 35.
Rxg3 Qc7 36. Nh4 Kf7 37. Rf1 Bd7 38. Qg5 Ke7 39. Nxg6+ hxg6 40. Qxg6 Bxb5 41.
axb5 Rde8 0-1

[Event "II. Budapest Open"]
[Site ", "]
[Date "2012.08.26"]
[Round "9"]
[White "Halak, Miklos"]
[Black "Kalmar, Karoly"]
[Result "1-0"]
[WhiteElo "2137"]
[BlackElo "1920"]
[PlyCount "69"]
[EventDate "2012.??.??"]

1. e4 c6 2. d4 d5 3. Nc3 dxe4 4. Nxe4 Bf5 5. Ng3 Bg6 6. Nf3 Nd7 7. Bc4 Ngf6 8.
Qe2 Qc7 9. O-O Nd5 10. c3 O-O-O 11. Bd2 e6 12. b4 Bd6 13. a4 Bf4 14. b5 c5 15.
a5 Bxd2 16. Qxd2 Qd6 17. Rfd1 Rhe8 18. Qb2 Kb8 19. Qa3 Rc8 20. Nd2 Qf4 21. Ne2
Qf6 22. Nb3 Qe7 23. Qa2 cxd4 24. Nbxd4 Qc5 25. a6 Ne5 26. axb7 Rc7 27. Nc6+
Nxc6 28. bxc6 Ne7 29. Nd4 Be4 30. Nb5 Bxc6 31. Nxc7 Kxc7 32. Qxa7 Qxa7 33. Rxa7
Rb8 34. Rb1 Nf5 35. Ra8 1-0

[Event "II. Budapest Open"]
[Site ", "]
[Date "2012.08.26"]
[Round "9"]
[White "Zsatkovics, Endre"]
[Black "Terbe, Julianna"]
[Result "0-1"]
[WhiteElo "1740"]
[BlackElo "1895"]
[PlyCount "76"]
[EventDate "2012.??.??"]

1. e4 e6 2. d4 d5 3. Nc3 Nf6 4. Bg5 Bb4 5. e5 h6 6. Bxf6 gxf6 7. Qg4 Bxc3+ 8.
bxc3 fxe5 9. Qg7 Rf8 10. Nf3 e4 11. Ne5 Qg5 12. Qh7 Nd7 13. h4 Qf5 14. Qxh6
Nxe5 15. dxe5 Qxe5 16. Qe3 f5 17. f4 Qg7 18. Rh3 b6 19. h5 Rh8 20. Rg3 Qf7 21.
Be2 Bd7 22. Qd4 Rh7 23. O-O-O O-O-O 24. Rh1 Rg8 25. Rg5 Rgh8 26. Rh3 Qe7 27.
Rhg3 Kb7 28. Rg7 Qd6 29. Qd2 e5 30. R3g6 Be6 31. fxe5 Qxe5 32. Qd4 Qxd4 33.
cxd4 Rxg7 34. Rxg7 Kc6 35. Rg6 Kd7 36. Bb5+ Ke7 37. Rg7+ Bf7 38. Bc6 Kf6 0-1

[Event "II. Budapest Open"]
[Site ", "]
[Date "2012.08.26"]
[Round "9"]
[White "Dal Bianco, Nicola"]
[Black "Zahonyi Abel, Mark"]
[Result "1/2-1/2"]
[WhiteElo "1705"]
[BlackElo "1815"]
[PlyCount "79"]
[EventDate "2012.??.??"]

1. c4 Nf6 2. Nc3 e5 3. Nf3 Nc6 4. g3 Bb4 5. Bg2 O-O 6. O-O Bxc3 7. dxc3 h6 8.
Qc2 d6 9. Rd1 Qe7 10. b3 Be6 11. Ba3 Rad8 12. e3 Qd7 13. c5 Bf5 14. Qb2 d5 15.
Rd2 Bh3 16. Bh1 e4 17. Ne1 Qf5 18. Qc2 Ng4 19. Ng2 g5 20. f3 Nge5 21. Ne1 Rfe8
22. Rad1 Ne7 23. c4 Ng4 24. Qc3 c6 25. Bb2 f6 26. b4 Ng6 27. cxd5 exf3 28. Nxf3
Rxe3 29. Rd3 Rxd3 30. Rxd3 N6e5 31. Rd2 Qb1+ 32. Qc1 Qxc1+ 33. Bxc1 Nxf3+ 34.
Bxf3 Ne5 35. Be2 cxd5 36. Bb2 Kg7 37. b5 Be6 38. a4 Rc8 39. Bd4 Kf7 40. Kf2
1/2-1/2

[Event "II. Budapest Open"]
[Site ", "]
[Date "2012.08.26"]
[Round "9"]
[White "Karacsonyi, Gellert"]
[Black "Czimer, Jozsef"]
[Result "0-1"]
[WhiteElo "1461"]
[BlackElo "1791"]
[PlyCount "122"]
[EventDate "2012.??.??"]

1. e4 c5 2. Nf3 d6 3. d4 cxd4 4. Nxd4 a6 5. Nc3 Nf6 6. Be2 e6 7. Be3 Nbd7 8.
Qd2 Qc7 9. g4 Ne5 10. h3 b5 11. a3 Bb7 12. f3 Rc8 13. g5 Nfd7 14. f4 Nc4 15.
Bxc4 Qxc4 16. Qd3 Nc5 17. Qxc4 bxc4 18. O-O-O Nxe4 19. Nxe4 Bxe4 20. Rhe1 d5
21. c3 Be7 22. Nc2 Bxc2 23. Kxc2 O-O 24. Bd4 Rfe8 25. Re2 Bd6 26. Be5 Bc5 27.
Bd4 Bf8 28. Rde1 g6 29. h4 h5 30. Bf6 Rc5 31. Bd4 Rb5 32. Bf6 Reb8 33. Kc1 Rb3
34. Be5 R8b5 35. Bf6 Bc5 36. Rc2 Ra5 37. Be5 Rb7 38. Bf6 Rd7 39. Rd2 Rb5 40.
Be5 Kf8 41. Bf6 Ke8 42. Ree2 Bd6 43. Be5 Be7 44. Bf6 Bxf6 45. gxf6 Kd8 46. Kb1
d4 47. Rxd4 Rxd4 48. cxd4 c3 49. Rc2 cxb2 50. Rxb2 Rf5 51. Rf2 Kd7 52. Kb2 Rxf6
53. Kb3 Rf5 54. Kc4 Rb5 55. a4 Rb1 56. Kc5 Kc7 57. a5 Rb5+ 58. Kc4 Rxa5 59. Rc2
Kd6 60. Kd3 Ra3+ 61. Ke4 f5# 0-1

[Event "II. Budapest Open"]
[Site ", "]
[Date "2012.08.26"]
[Round "9"]
[White "Bellan, Istvan"]
[Black "Mihaly, Zoltan"]
[Result "0-1"]
[WhiteElo "1938"]
[BlackElo "1756"]
[PlyCount "87"]
[EventDate "2012.??.??"]

1. d4 d5 2. c4 c6 3. Nf3 g6 4. Bf4 Bg7 5. e3 c5 6. cxd5 cxd4 7. Qb3 Qa5+ 8.
Nbd2 dxe3 9. Bxe3 Nf6 10. Bc4 O-O 11. O-O Nbd7 12. Nd4 Nc5 13. Qc2 Qd8 14. Nb5
Bf5 15. Qd1 Nd3 16. Bd4 a6 17. Nf3 Nb4 18. Nc3 Rc8 19. Bb3 a5 20. a3 Nd3 21.
Qd2 Nc5 22. Bxc5 Rxc5 23. Qe3 Nd7 24. Rac1 Bg4 25. Nd4 Rc8 26. h3 Bxd4 27. Qxd4
Nc5 28. Bc2 Bd7 29. b4 axb4 30. axb4 Na6 31. Bb3 Rc7 32. Ne4 Bb5 33. Rfe1 Qd7
34. Rxc7 Qxc7 35. d6 Qd7 36. Qd5 Bc6 37. dxe7 Qxe7 38. Qd4 Bxe4 39. Rxe4 Qg5
40. f4 Qd8 41. Qe5 Qb6+ 42. Kh1 Nxb4 43. Bc4 Nc6 44. Qf6 0-1

[Event "II. Budapest Open"]
[Site ", "]
[Date "2012.08.26"]
[Round "9"]
[White "Furedi, Erik"]
[Black "Takacs, Kevin"]
[Result "1-0"]
[WhiteElo "1732"]
[BlackElo "1909"]
[PlyCount "69"]
[EventDate "2012.??.??"]

1. e4 c6 2. d4 d5 3. Nc3 dxe4 4. Nxe4 Nd7 5. Nf3 Ngf6 6. Nxf6+ Nxf6 7. Bc4 Bg4
8. Bxf7+ Kxf7 9. Ne5+ Ke8 10. Nxg4 Qa5+ 11. c3 Qf5 12. Ne3 Qg6 13. Qc2 Qxc2 14.
Nxc2 e6 15. Bf4 Be7 16. O-O Nd5 17. Be5 Bf6 18. Rfe1 Kd7 19. Re2 Rhf8 20. g3 b5
21. Bxf6 Rxf6 22. a4 a5 23. Ne3 b4 24. Ng4 Rff8 25. Ne5+ Kd6 26. c4 Nc7 27. Nd3
Na6 28. Rae1 Rae8 29. Re5 Rf3 30. R1e3 Rxe3 31. fxe3 b3 32. Rxa5 Nc7 33. Ra7
Rc8 34. Rb7 Ra8 35. e4 1-0

[Event "II. Budapest Open"]
[Site ", "]
[Date "2012.08.26"]
[Round "9"]
[White "Medve, Mark"]
[Black "Szurkos, Andras"]
[Result "1-0"]
[WhiteElo "1979"]
[BlackElo "1783"]
[PlyCount "151"]
[EventDate "2012.??.??"]

1. e4 c5 2. Nf3 Nc6 3. d4 cxd4 4. Nxd4 e6 5. Nc3 Nf6 6. Be3 Bb4 7. Bd3 Bxc3+ 8.
bxc3 O-O 9. O-O Ne5 10. Bg5 h6 11. Bh4 Ng6 12. Bg3 e5 13. Nb5 a6 14. Nd6 Qc7
15. Bc4 Nxe4 16. Bxf7+ Rxf7 17. Nxf7 Nxc3 18. Qf3 d5 19. Nxe5 Nxe5 20. Qh5 Bg4
21. Qxe5 Qxe5 22. Bxe5 d4 23. Kh1 Rd8 24. f3 Bf5 25. Rf2 Rd5 26. Bc7 Kf7 27.
Rd2 Na4 28. g4 Bg6 29. Rb1 b5 30. Rb4 Rc5 31. Bd6 Rxc2 32. Rxc2 Bxc2 33. Rxd4
Ke6 34. Kg2 Nb6 35. f4 Nc4 36. f5+ Kf6 37. Kg3 h5 38. h3 hxg4 39. hxg4 g6 40.
fxg6 Bxg6 41. Bf4 Bb1 42. a4 Bc2 43. axb5 axb5 44. g5+ Ke6 45. Kg4 Bg6 46. Rd8
Bc2 47. Kh5 b4 48. Kh6 Kf7 49. Rd4 b3 50. Bc1 Ne5 51. Bb2 Ng6 52. Rb4 Ne7 53.
Rb7 Ke6 54. Bf6 Nf5+ 55. Kh5 Bd1+ 56. Kg6 Bc2 57. Rb6+ Kd7 58. Kf7 Nd6+ 59. Kg7
Ne8+ 60. Kh6 Nd6 61. g6 Kc7 62. Rb4 Ne8 63. Be5+ Kc6 64. g7 Nxg7 65. Bxg7 Kc5
66. Rb8 Kc4 67. Kg5 Kd3 68. Kf4 Kd2 69. Kf3 Bd1+ 70. Ke4 Bc2+ 71. Kd4 Kc1 72.
Kc3 Kb1 73. Bh6 Ka1 74. Bc1 Kb1 75. Bb2 Be4 76. Re8 1-0

[Event "II. Budapest Open"]
[Site ", "]
[Date "2012.08.26"]
[Round "9"]
[White "B. Kiss, Tamas"]
[Black "Di Giovanni, Vilmos"]
[Result "0-1"]
[WhiteElo "1526"]
[BlackElo "1838"]
[PlyCount "38"]
[EventDate "2012.??.??"]

1. d4 b5 2. e3 a6 3. c4 bxc4 4. Bxc4 d5 5. Bd3 Bb7 6. Nf3 e6 7. O-O Nf6 8. Nc3
Bd6 9. Bd2 O-O 10. Rc1 Nbd7 11. Re1 c5 12. dxc5 Nxc5 13. Be2 Qb6 14. b3 h6 15.
Qc2 Rac8 16. Qb1 Nce4 17. Nxe4 Nxe4 18. Bd3 f5 19. Nd4 Nxd2 0-1

[Event "II. Budapest Open"]
[Site ", "]
[Date "2012.08.26"]
[Round "9"]
[White "Czegledi, Barna Jr"]
[Black "Csermely, Zoltan"]
[Result "1-0"]
[WhiteElo "1799"]
[BlackElo "1686"]
[PlyCount "99"]
[EventDate "2012.??.??"]

1. e4 c5 2. d4 cxd4 3. c3 d5 4. exd5 Qxd5 5. cxd4 e5 6. dxe5 Qxe5+ 7. Be2 Nc6
8. Nf3 Bb4+ 9. Nbd2 Qf6 10. O-O Bf5 11. Nc4 Nge7 12. a3 Bc5 13. Bg5 Qg6 14. b4
Rd8 15. Qa4 Bd4 16. Nxd4 Qxg5 17. Nxf5 Qxf5 18. Na5 O-O 19. Nxc6 Nxc6 20. Bf3
b5 21. Qa6 Nd4 22. Bb7 Qd7 23. g3 Rb8 24. Rfd1 Rfd8 25. Bg2 Qc7 26. Rdb1 Rd6
27. Qa5 Qxa5 28. bxa5 Ra6 29. Rd1 Ne6 30. Bh3 Rxa5 31. Rac1 Rxa3 32. Bxe6 fxe6
33. Rd7 Rf3 34. Rcc7 b4 35. Rxg7+ Kf8 36. Rxh7 Ke8 37. Kg2 Rf8 38. Rxa7 Kd8 39.
Rab7 Kc8 40. Rhc7+ Kd8 41. Rxb8+ Kxc7 42. Rxf8 e5 43. Rf3 Kd6 44. Rb3 Kc5 45.
Kf3 Kc4 46. Rb1 Kc3 47. h4 b3 48. h5 Kc2 49. Rxb3 Kxb3 50. h6 1-0

[Event "II. Budapest Open"]
[Site ", "]
[Date "2012.08.26"]
[Round "9"]
[White "Bolgar, Janka"]
[Black "Szlenka, Attila"]
[Result "1/2-1/2"]
[WhiteElo "1398"]
[BlackElo "1736"]
[PlyCount "88"]
[EventDate "2012.??.??"]

1. e4 Nf6 2. e5 Nd5 3. d4 d6 4. c4 Nb6 5. Bf4 g6 6. exd6 cxd6 7. Nf3 Bg7 8. Qd2
O-O 9. Bh6 Bg4 10. Bxg7 Kxg7 11. d5 e5 12. dxe6 fxe6 13. Qd4+ Qf6 14. Qxg4 Nc6
15. Nc3 Ne5 16. Qe4 Nxf3+ 17. Qxf3 Qe7 18. Qg3 Rac8 19. b3 Rf5 20. Be2 d5 21.
Bg4 Rf6 22. O-O Rcf8 23. cxd5 exd5 24. Rae1 Qb4 25. Qc7+ R8f7 26. Qg3 Rf4 27.
Be6 Re7 28. a3 Qd6 29. Nb5 Qb8 30. Qc3+ Rf6 31. g4 h6 32. h4 Qf4 33. a4 Rexe6
34. Rxe6 Qxg4+ 35. Kh2 Qxe6 36. Qc7+ Rf7 37. Qc3+ Kh7 38. Nxa7 Qg4 39. Qg3 Qe2
40. Kg1 d4 41. Nb5 Nd5 42. Nxd4 Qe4 43. Nb5 Qf4 44. Qxf4 Rxf4 1/2-1/2

[Event "II. Budapest Open"]
[Site ", "]
[Date "2012.08.26"]
[Round "9"]
[White "Papp, Andrea"]
[Black "Szonyi, Bence"]
[Result "0-1"]
[WhiteElo "1621"]
[BlackElo "1614"]
[PlyCount "68"]
[EventDate "2012.??.??"]

1. e4 e6 2. d4 d5 3. Nd2 Ne7 4. c3 dxe4 5. Nxe4 Ng6 6. Be3 Be7 7. Nf3 O-O 8.
Qb3 b6 9. Be2 Bb7 10. Ng3 Nd7 11. O-O a5 12. Nd2 Nh4 13. f4 Nxg2 14. c4 a4 15.
Qd3 Nf6 16. Bf3 Bxf3 17. Nxf3 Nxe3 18. Qxe3 c5 19. Rad1 cxd4 20. Nxd4 Bc5 21.
Kg2 Ng4 22. Qe4 Bxd4 23. Rxd4 Qc7 24. f5 Nf6 25. Qh4 Qc6+ 26. Kh3 Rfd8 27. Ne4
Rxd4 28. Nxf6+ gxf6 29. Qxd4 e5 30. Qh4 Kf8 31. Qxh7 Ke7 32. Qh4 Rc8 33. Qf2
Qxc4 34. Qxb6 Qxf1+ 0-1

[Event "II. Budapest Open"]
[Site ", "]
[Date "2012.08.26"]
[Round "9"]
[White "Indig, Akos"]
[Black "Schatzer, Andras"]
[Result "0-1"]
[WhiteElo "1349"]
[BlackElo "1729"]
[PlyCount "58"]
[EventDate "2012.??.??"]

1. e4 c5 2. Nf3 Nc6 3. d4 cxd4 4. Nxd4 g6 5. Nc3 Bg7 6. Be3 Nf6 7. Bc4 Qa5 8.
Qd2 Ng4 9. O-O-O Nxe3 10. Qxe3 Nxd4 11. Rxd4 Bxd4 12. Qxd4 Qg5+ 13. Kb1 O-O 14.
Rg1 d6 15. g4 Be6 16. Be2 Qc5 17. Qxc5 dxc5 18. f4 f6 19. h4 Rad8 20. f5 Bf7
21. g5 Rd2 22. Kc1 Rd4 23. h5 Kg7 24. h6+ Kh8 25. Bh5 gxh5 26. g6 hxg6 27. fxg6
Bxg6 28. Rxg6 Rg8 29. Rxg8+ Kxg8 0-1